| 000 | 00871nam a22002297a 4500 | ||
|---|---|---|---|
| 999 |
_c13739 _d13739 |
||
| 008 | 190403b ||||| |||| 00| 0 eng d | ||
| 020 | _a9781118223574 | ||
| 082 |
_22013 _aAV-Eb 371.90973 _bB598 |
||
| 100 |
_aBillingsley, Bonnie S. _938192 |
||
| 245 |
_aA survival guide for new special educators / _cBonnie S. Billingsley, Mary T. Brownell, and Maya Israel. |
||
| 250 | _aFirst Edition | ||
| 260 |
_bJohn Wiley & Sons, Incorporated, _c©2013. |
||
| 300 | _a434 pages; | ||
| 440 |
_aJ-B Ed: Survival Guides _938193 |
||
| 500 | _aIncludes index. | ||
| 650 |
_aFirst year teachers -- United States. _938194 |
||
| 650 |
_aSpecial education -- United States. _938195 |
||
| 700 |
_aBrownell, Mary T. _938196 |
||
| 700 |
_aIsrael, Maya . _938197 |
||
| 856 | _yhttps://ebookcentral.proquest.com/lib/uniofmindanao-ebooks/detail.action?docID=1153518 | ||
| 942 |
_2ddc _cEB |
||